000 01743nam a2200373 c 4500
003 BLK
005 20230325104211.0
008 180412b bul|||||r ||||||| ||bul||
010 _aKNG00001530000
040 _aBLK
041 _aBUL
_cBUL
080 _aОтношения. Компоненти на отношенията. Взаимосвързаност, взаимозависимост на отношенията и др.
_b316.64
_x
_z316.64
080 _aРазговор. Умение да се води разговор. Празнодумие
_b177.2
_x
_z177.2
100 1 _aФишър, Роджър
_eпърви автор
_9243185
700 1 _aЮри, Уилям
_eсъавт.
_9243186
700 1 _aХристов, Сергей
_eпрев. от англ.
_9243187
139 _aФишър, Роджър и др.
_bФ 59
245 1 0 _aИзкуството на преговорите
_bДа достигнем до Да
_cРоджър Фишър; съавт. Уилям Юри; прев. от англ. Сергей Христов.
257 _aUSA
260 София
_bВесела Люцканова
_c1994
_fВраца : Полипринт
300 _a192 с.
_c20 см
380 _a3
500 _aОриг. загл. Getting to yes : negotiating agreement without giving in / Roger Fisher, William Ury ; 3 000 тир
650 4 _aВзаимоотношения - психология и етика
_9243188
650 4 _aСоциална психология
_9243161
653 _aпреговори
653 _aетика
653 _aсоциална психология
852 _aЦб 177924
856 4 _qpdf
_u
856 4 _qpdf
_u
942 _cKNG
_n0
_01
944 _aCR
_c15.01.2003
_kЦветанка_Енчева
944 _aED
_c13.02.2004
_k
999 _c871
_d871